| 000 | 00000nam 2200000za 4500 |
| 001 | 9.801040 |
| 003 | CaOODSP |
| 005 | 20250910142445 |
| 007 | cr ||||||||||| |
| 008 | 160218s2015 oncb ob f000 0 fre d |
| 020 | |a978-0-660-02425-7 |
| 040 | |aCaOODSP|bfre |
| 043 | |an-cn--- |
| 086 | 1 |aD2-355/2015F-PDF |
| 100 | 1 |aStouffer, Ray. |
| 245 | 10|aSwords, clunks et widowmakers |h[ressource électronique] : |bla vie tumultueuse de la 1re Division aérienne du Canada d'origine de l'Aviation royale canadienne / |cRay Stouffer. |
| 246 | 30|aVie tumultueuse de la 1re Division aérienne du Canada d’origine de l’Aviation royale canadienne |
| 260 | |a[Ottawa] : |bDéfense nationale, |cc2015. |
| 300 | |avi, 203 p. : |bfig., cartes. |
| 500 | |aPublié aussi en anglais sous le titre : Swords, clunks and widowmakers, the tumultuous life of the RCAF’s original 1 Canadian Air Division. |
| 500 | |aLe n° de catalogue (D2-355/2015) et l’ISBN (978-0-660-02423-3) de l'édition imprimée ont été copiés dans l’édition électronique. |
| 504 | |aComprend des références bibliographiques. |
| 530 | |aÉgalement publié en version imprimée. |
| 692 | 07|2gccst|aForces armées |
| 692 | 07|2gccst|aAéronef militaire |
| 692 | 07|2gccst|aHistoire militaire |
| 710 | 1 |aCanada. |bMinistère de la défense nationale. |
| 775 | 08|tSwords, clunks and widowmakers |w(CaOODSP)9.801039 |
| 776 | 0#|t«Swords, Clunks» et «Widowmakers» : |w(CaOODSP)9.801038 |
| 856 | 40|qPDF|s12.21 Mo|uhttps://publications.gc.ca/collections/collection_2016/mdn-dnd/D2-355-2015-fra.pdf |